000 01410nam a22003737a 4500
001 162
003 FISKH
005 20230301141826.0
008
020 _a9780689841156
040 _aDLC
_cDLC
_dDLC
_dFISKH
_beng
042 _alcac
050 0 0 _aPZ7.C9415
_bBat 1998
082 0 0 _a511
_221
100 1 _aCurtis, Gavin.
245 1 4 _aThe bat boy & his violin /
_cby Gavin Curtis ; illustrated by E.B. Lewis.
250 _a1st ed.
260 _aNew York
_bSimon and Schuster
_c1998
300 _a15 leaves of plates
_bcol. ill. ;
_c22 x 28 cm.
505 _aK
520 _aReginald is more interested in practicing his violin than in his father's job managing the worst team in the Negro Leagues, but when Papa makes him the bat boy and his music begins to lead the team to victory, Papa realizes the value of his son's passion.
521 8 _a780
_bLexile
521 8 _aK
_bRaz-Plus
650 1 _aViolin
_vFiction.
650 1 _aNegro Leagues
_vFiction.
650 1 _aBaseball
_vFiction.
650 1 _aFathers and sons
_vFiction.
650 1 _aAfrican Americans
_vFiction.
700 1 _aLewis, Earl B.,
_eill.
856 4 2 _3Contributor biographical information
_uhttp://www.loc.gov/catdir/bios/simon051/97025417.html
856 4 2 _3Publisher description
_uhttp://www.loc.gov/catdir/description/simon033/97025417.html
906 _a7
_bcbu
_corignew
_d1
_eocip
_f19
_gy-gencatlg
942 _2ddc
_cBK
_n0
999 _c162
_d162